Mai / (Registro nro. 11631)

Detalles MARC
000 -LIDER
fixed length control field 01045nam a22003737a 4500
001 - NÚMERO DE CONTROL
Identificador de número de control 049
003 - IDENTIFICACDOR DE NÚMERO DE CONTROL
control field DO-SdBNP
005 - DATE AND TIME OF LATEST TRANSACTION
control field 20180220152931.0
007 - CAMPOS FIJOS DE DESCRIPCIÓN FÍSICA
fixed length control field 049
008 - ELEMENTOS DE LONGITUD FIJA
fixed length control field 151005b1985 sp 00| 0 spa d
020 ## - ISBN
International Standard Book Number 84348 11499
040 ## - FUENTE DE CATALOGACIÓN
Agencia que crea de manera original el registro BPMSU
Idioma de catalogación spa
Agencia que realiza la transcripción BPMSU
082 ## - NÚMERO DE CLASIFICACIÓN DECIMAL DE DEWEY
Classification number 863.6
Item number P437m 1985
092 ## - LOCALLY ASSIGNED DEWEY DECIMAL CALL NUMBER
Número de clasificación
Número de ítem (Cutter)
100 1# - ASIENTO PRINCIPAL -- NOMBRE PERSONAL
Nombre personal Perera, Hilda
Fechas asociadas con el nombre 1926-
245 10 - MENCIÓN DE TITULO
Título Mai /
Mención de responsabilidad Hilda Perera ; ilustración Marina Seoane
250 ## - MENCIÓN DE EDICION
Mención de edición 4a. ed.
260 ## - PUBLICACIÓN, DISTRIBUCIÓN, ETC. (PIE DE IMPRENTA)
Lugar de publicación, distribución, etc Madrid :
Nombre del editor, distribuidor, etc. Ediciones SM,
Fecha de publicación, distribución, etc 1985
300 ## - DESCRIPCIÓN FÍSICA
Extensión 114 p. :
Otros detalles físicos il. ;
Dimensiones 20 cm.
490 1# - MENCIÓN DE SERIES
Mención de serie El barco de vapor
Volume/sequential designation 39
490 1# - MENCIÓN DE SERIES
Mención de serie Roja
500 ## - NOTA GENERAL
Nota general A partir de 12 años
521 1# - TARGET AUDIENCE NOTE
Target audience note
586 ## - AWARDS NOTE
Awards note Premio Lazarillo, 1975.
586 ## - AWARDS NOTE
Awards note Premio Lazarillo, 1978.
586 ## - AWARDS NOTE
Awards note Lista de honor de la Comisión Católica Española de la Infancia, 1980.
650 ## - ENCABEZAMIENTO DE MATERIA--TEMÁTICO
Término temático o nombre geográfico como elemento de entrada CUENTOS JUVENILES CUBANOS
700 12 - ASIENTO SECUNDARIO -- NOMBRE PERSONAL
Nombre personal Seoane, Marina
Mención de responsabilidad il.
830 #0 - ASIENTO SECUNDARIO DE SERIE--TÍTULO UNIFORME
Título uniforme Barco de vapor ;
Número de la parte o sección de una obra 39
Nombre de la parte o sección de una obra Roja
910 ## - VALIDACIÓN
Validación
942 ## - ADDED ENTRY ELEMENTS (KOHA)
Source of classification or shelving scheme Dewey Decimal Classification
Koha item type Libros
945 ## - INFORMACIÓN DE PROCESAMIENTO LOCAL
Información de procesamiento local Inventariado, 2018 / BT
956 ## - LOCAL ELECTRONIC LOCATION AND ACCESS (OCLC)
Nombre de host VMATEO
Número de acceso 10
Información de compresión 20161020
Trayectoria BPMSU
Nombre Electrónico 0069
Existencias
Withdrawn status Lost status Source of classification or shelving scheme Damaged status Not for loan Collection code Home library Current library Date acquired Source of acquisition Total Checkouts Full call number Barcode Date last seen Price effective from Koha item type
    Dewey Decimal Classification     Colección Infantil General Biblioteca Pública Metropolitana Salomé Ureña Biblioteca Pública Metropolitana Salomé Ureña 10/20/2016 FUNDI   863.6 P437m 1985 BPMSU16100303 10/20/2016 10/20/2016 Libros